| 000 | 00659cab a2200265 4500 | ||
|---|---|---|---|
| 001 | ABS47498 | ||
| 008 | 090401t xxu||||| |||| 00| 0 eng d | ||
| 035 | _a(Sirsi) u62263 | ||
| 041 | _aeng | ||
| 100 | _aRobinson, R. | ||
| 245 | _aMainly on the plain | ||
| 300 | _a61(9) November 1992, 16-17(2) | ||
| 350 | _a0 | ||
| 490 | _aValuer (ISVA) | ||
| 520 | _aLooks at valuation in Spain. | ||
| 650 | _aAGENTA DE LA PROPIEDAD IMMOBILARIA | ||
| 650 | _aPLUS VALIA | ||
| 650 | _aSPAIN | ||
| 650 | _aVALOR CATASTRAL | ||
| 650 | _aVALOR COMPROBADO | ||
| 690 | _aOVERSEAS-EUROPE | ||
| 690 | _aRATING AND VALUATION | ||
| 942 | _n0 | ||
| 948 | _c04/03/1997 | ||
| 999 |
_c38693 _d38693 |
||